Lluvia de sombras. Libro I

Đã lưu trong:
Chi tiết về thư mục
Tác giả chính: Valenzuela González, Ana (Tác giả)
Định dạng: Sách
Ngôn ngữ:Tiếng Tây Ban Nha
Được phát hành: Valparaíso Academia Iberoamericana de Poesía 2007
Những chủ đề:
Các nhãn: Thêm thẻ
Không có thẻ, Là người đầu tiên thẻ bản ghi này!

MARC

LEADER 00000nam a2200000 a 4500
001 UCH8597
003 CL-VaPUC
008 091203e20070000CL |||||||||||||||||spa|d
082 0 4 |a Ch861  |b VAL  |2 21 
100 0 |a Valenzuela González, Ana  |e author  |9 545237 
245 1 0 |a Lluvia de sombras. Libro I 
246 1 0 |a Ritual del día y la noche. Libro II 
300 |a 190 p 
942 |c BK 
945 |d 20091203 00:00:00  |a rbrito 
260 |a Valparaíso  |b Academia Iberoamericana de Poesía  |c 2007 
650 0 |a Poesías chilenas   |9 265280 
583 |a last modification  |c 20091203 00:00:00  |k Rodrigo Vera 
999 |c 338808  |d 338806 
952 |0 0  |1 0  |4 0  |6 CH_861_000000000000000_VAL_2007  |7 0  |8 A  |9 431936  |a BIBEDU  |b BIBEDU  |d 2019-11-22  |i 4621700  |o Ch861 VAL 2007  |p 4621700  |r 2019-11-22  |w 2019-11-22  |y BK  |k LIT 
952 |0 0  |1 0  |4 0  |6 CH_861_000000000000000_VAL_2007  |7 0  |8 A  |9 431937  |a BIBEDU  |b BIBEDU  |c ES_NOD  |d 2019-11-22  |i 4621719  |o Ch861 VAL 2007  |p 4621719  |r 2023-08-09  |w 2019-11-22  |y BK  |k LIT 
952 |0 0  |1 0  |4 0  |6 CH_861_000000000000000_VAL_2007  |7 0  |8 A  |9 431938  |a BIBEDU  |b BIBEDU  |d 2019-11-22  |i 4621727  |o Ch861 VAL 2007  |p 4621727  |r 2019-11-22  |w 2019-11-22  |y BK  |k LIT